STRESS and work Perspectives on understanding and managing stress

Guardat en:
Dades bibliogràfiques
Format: Llibre
Idioma:anglès
Publicat: SAGE 2013
Etiquetes: Afegir etiqueta
Sense etiquetes, Sigues el primer a etiquetar aquest registre!

MARC

LEADER 00000nam a22000007a 4500
008 210119b ||||| |||| 00| 0 eng d
020 |a 978-81-321-1088-0 
245 |a STRESS and work  |b Perspectives on understanding and managing stress  |c edited by D. M. Pestonjee, Satish Pandey  |g xix, 370p.: ill. 
250 |c Pestonjee, D. M 
250 |b Pandey, Satish C 
260 |b SAGE  |c 2013  |h Los Angeles  |i 693421  |i 693422   |l HF5548.85 .St8  |m Job stress.  |m Stress (Psychology)  |m Work – Psychological aspects  |m Stress management 
500 |a “It includes bibliographical references and index”. 
942 |a lcc  |c BK  |e O.A.JOHNSON  |f 19/01/21 
952 |0 0  |1 0  |2 lcc  |4 0  |6 HF554885 S T8  |7 0  |9 1252  |a SSL  |b HOL  |c GJ  |d 2021-01-19  |l 0  |o HF5548.85 .St8  |p 2021-0067  |r 2021-01-19 00:00:00  |w 2021-01-19  |y BK 
952 |0 0  |1 0  |2 lcc  |4 0  |6 HF554885 S T8  |7 0  |9 1253  |a HOL  |b HOL  |c GJ  |d 2021-01-19  |l 0  |o HF5548.85 .St8  |p 2021-0068  |r 2021-01-19 00:00:00  |w 2021-01-19  |y BK 
999 |c 650  |d 650